USA: lo que esconde el debate de los catorce millones /
Uloženo v:
| Hlavní autor: | |
|---|---|
| Médium: | Text |
| Témata: | |
| Tagy: |
Přidat tag
Žádné tagy, Buďte první, kdo vytvoří štítek k tomuto záznamu!
|
MARC
| LEADER | 00000 a a2200000 04500 | ||
|---|---|---|---|
| 001 | 12118 | ||
| 003 | |||
| 040 | |||
| 100 | |a Barry, Deborah | ||
| 245 | |a USA: |b lo que esconde el debate de los catorce millones / |c Deborah Barry | ||
| 650 | |a AYUDA MILITAR | ||
| 650 | |a POLITICA DE DEFENSA | ||
| 650 | |a AGRESION | ||
| 650 | |a INTERVENCION EXTRANJERA | ||
| 650 | |a SERVICIO MILITAR | ||
| 650 | |a BASES MILITARES | ||
| 650 | |a COMPRA DE ARMAS | ||
| 650 | |a CONTRARREVOLUCION | ||
| 650 | |a GUERRA CIVIL | ||
| 773 | |g número 23; páginas 11-15 | ||
| 999 | |c 22619 |d 22619 | ||
